| 000 | 00997nam a22003137a 4500 | ||
|---|---|---|---|
| 001 | 16827685 | ||
| 003 | OSt | ||
| 005 | 20140310182900.0 | ||
| 008 | 110615s2011 ph 000 1 tgl | ||
| 010 | _a 2011308165 | ||
| 020 | _a9789715506205 | ||
| 040 |
_aDLC _cDLC |
||
| 042 | _alcode | ||
| 050 | 0 | 0 |
_aPL 6063 _b.F118 2011 |
| 082 |
_aFIL 899.2113085 _bF118 2011 |
||
| 100 | 1 |
_aFabian, A. C. _q(Agustin Calarde), _d1901-1976 |
|
| 245 | 1 | 0 |
_aKay lalim na ng gabi at iba pang kuwento / _cAgustin C. Fabian ; binigyan ng introduksiyon ni Roberto T. AƱonuevo. |
| 260 |
_aQuezon City : _bAteneo de Manila University, _cc2011. |
||
| 300 |
_axvii, 231 p. ; _c18 cm. |
||
| 500 | _aShort stories. | ||
| 521 | _aCollege Student | ||
| 526 | _c1210L-1700L | ||
| 541 | _j1 | ||
| 546 | _aIn Tagalog. | ||
| 562 | _eFor circulation. 1 copy available in the collection. | ||
| 906 |
_a7 _bcbc _corigode _d4 _encip _f20 _gy-gencatlg |
||
| 942 |
_2lcc _cBK _kFIL |
||
| 999 |
_c17089 _d17089 |
||